| 000 | 00400nam a2200157Ia 4500 | ||
|---|---|---|---|
| 008 | 210716s2005 xx 000 0 und d | ||
| 020 | _a8120322371 | ||
| 041 | _aeng | ||
| 082 | _a332.644 HULJ | ||
| 100 | _aHull, John C. | ||
| 245 | _aOptions, futures, and other derivatives. | ||
| 250 | _a5 | ||
| 260 |
_aNew Delhi _bPrentice Hall of India PVt Ltd _c2005 |
||
| 300 | _axxi,744 | ||
| 650 | _aNone | ||
| 999 |
_c199376 _d199376 |
||